000 00309nam a2200133Ia 4500
999 _c2487
_d2487
020 _a0-00-472110-1
082 _aRR 423.1 CO;
245 0 _aCollins concise thesaurus
260 _aGlasgow
_bHarperCollins Publishers
_c2000
300 _a824p.
650 _aTHESAURUS
700 _aGilmour, Lorna
942 _cBK